Odborné texty z jazyka ruského pre DŠ OF (diaľkové štúdium obchodnej fakulty) s nahrávkami : vysokoškolské skriptá /

Hlavní autor: Rjabinina, Natália
Korporativní autor: Vysoká škola ekonomická v Bratislave
Další autoři: Slivková, Katarína
Jazyk: Ruština
Slovenština
Vydáno: Bratislava : Vysoká škola ekonomická, 1976
Vydání: 1. vyd.
Fyzický popis: 121 s.
Knihy
Uloženo v:
LEADER 00868nam a22002292a 4500
001 000532278
003 CZ BrMZK
005 20260402134738.0
007 ta
008 010907s1976 xo f 000 0 slo d
040 |a BOA001  |b cze 
041 0 |a slo  |a rus 
100 1 |a Rjabinina, Natália  |7 jx20060303025  |4 aut 
245 1 0 |a Odborné texty z jazyka ruského pre DŠ OF (diaľkové štúdium obchodnej fakulty) s nahrávkami :  |b vysokoškolské skriptá /  |c Natália Rjabinina, Katarína Slivková 
250 |a 1. vyd. 
260 |a Bratislava :  |b Vysoká škola ekonomická,  |c 1976 
300 |a 121 s. 
700 1 |a Slivková, Katarína  |7 mub20191035339  |4 aut 
710 2 |a Vysoká škola ekonomická v Bratislave  |7 ko20010088136  |4 pbl 
910 |a BOA001  |b 4-0765.405 
990 |a BK 
996 7 |b 2619742862  |c 4-0765.405  |l MZK  |r Sklad / do 1 hodiny  |n 2  |w 000532278  |u 000010  |a 1  |e BOA001  |j MZK50  |s A